00828cam a22002411 4500001001300000003000400013005001700017008004100034010001700075025001900092035001900111040002300130042001200153050001900165100004100184245014400225260004700369300002800416651006000444700003400504700003100538999001700569sa 67004268 DLC20260227112345.0810414s1964 ii 000 0 eng  asa 67004268  aPL480:I-E-8333 a(OCoLC)7336819 aDLCcNNUdNNUdDLC apremarc00aDS475.2.O3bA51 aOchterlony, David,cSir,d1758-1825.10aSelections from Ochterlony papers, 1818-1825, in the National Archives of India.cEdited by Narendra Krishna Sinha and Arun Kumar Dasgupta. a[Calcutta]bUniversity of Calcutta,c1964. axxxviii, 489 p.c25 cm. 0aIndiaxHistoryyBritish occupation, 1765-1947xSources.1 aSinha, Narendra Krishna,eed.1 aDasgupta, Arun Kumar,eed. c74348d74348